Database programming with JDBC and Java / (Record no. 174)

MARC details
000 -LEADER
fixed length control field 00696cam a22002292 4500
001 - CONTROL NUMBER
control field 0000000315
005 - DATE AND TIME OF LATEST TRANSACTION
control field 20151021151045.0
008 - FIXED-LENGTH DATA ELEMENTS--GENERAL INFORMATION
fixed length control field 070122s xx 000 0 eng d
020 ## - INTERNATIONAL STANDARD BOOK NUMBER
International Standard Book Number 8173662894 :
Terms of availability KES 2,850
040 ## - CATALOGING SOURCE
Original cataloging agency KABU
Transcribing agency KABU
050 #0 - LIBRARY OF CONGRESS CALL NUMBER
Classification number QA76.9
Item number .D26R44 2000
100 1# - MAIN ENTRY--PERSONAL NAME
Personal name Reese, George.
-- 0000148440
245 10 - TITLE STATEMENT
Title Database programming with JDBC and Java /
Statement of responsibility, etc. George Reese.
250 ## - EDITION STATEMENT
Edition statement 2nd ed.
260 ## - PUBLICATION, DISTRIBUTION, ETC. (IMPRINT)
Place of publication, distribution, etc. Mumbai :
Name of publisher, distributor, etc. SPD,
Date of publication, distribution, etc. 2000.
300 ## - PHYSICAL DESCRIPTION
Extent xvii, 328 p.
650 #0 - SUBJECT ADDED ENTRY--TOPICAL TERM
Topical term or geographic name as entry element Database design.
-- 0000148441
650 #0 - SUBJECT ADDED ENTRY--TOPICAL TERM
Topical term or geographic name as entry element Java (Computer program language)
-- 0000148169
908 ## - PUT COMMAND PARAMETER (RLIN)
Put command parameter 070122
950 ## - LOCAL HOLDINGS (RLIN)
-- 1
Holdings
Withdrawn status Lost status Source of classification or shelving scheme Not for loan Home library Current library Date acquired Total Checkouts Full call number Barcode Date last seen Price effective from Koha item type
    Library of Congress Classification   Kabarak, Nakuru City Campus Kabarak, Nakuru City Campus 21/10/2015   QA76.9 .D26R44 2000 005618 21/10/2015 21/10/2015 General Collection
Designed with assistance from East African Informatics Ltd